Letters of a Westchester Farmer, 1774-1775.

Saved in:
Bibliographic Details
Main Author: Seabury, Samuel, 1729-1796
Format: Book
Language:English
Published: New York, Da Capo Press, 1970 [c1931]
Series:The Era of the American Revolution
Subjects:
LEADER 01397nam a2200313 4500
001 c000121967
003 CARM
005 00000000000000.0
008 730405r1970 nyua 00000 eng
019 1 |a 47893  |z 58036208  |5 LACONCORD2021 
020 |a 0306718685 
035 |a (OCoLC)180413  |5 LACONCORD2021 
043 |a n-us---  |a n-us-ny 
050 0 0 |a E211  |b .S426 1970 
082 0 0 |a 973.3 
100 1 |a Seabury, Samuel,  |d 1729-1796. 
245 1 0 |a Letters of a Westchester Farmer, 1774-1775.  |c Edited with an introductory essay by Clarence H. Vance. 
260 |a New York,  |b Da Capo Press,  |c 1970 [c1931] 
300 |a ix, 162 p.  |b illus.  |c 24 cm. 
490 1 |a The Era of the American Revolution 
500 |a Reprint of the ed. published by the Westchester County Historical Society as v. 8 of its Publications. 
600 1 0 |a Hamilton, Alexander.  |t A full vindication of the measures of Congress. 
610 1 0 |a United States.  |b Continental Congress. 
651 0 |a United States  |x Politics and government  |y 1775-1783. 
651 0 |a New York (State)  |x Politics and government  |y 1775-1783. 
810 2 |a Westchester County Historical Society.  |t Publications,  |v v. 8. 
852 8 |b CARM  |h A2:AF18A0  |i B01595  |p 0071284  |f BK 
999 f f |i 878fb3cf-a2d2-5d4f-a3d1-de4bdf943b04  |s 456e793e-fa22-5e23-97b3-d29a70074ad7 
952 f f |p Can circulate  |a CAVAL  |b CAVAL  |c CAVAL  |d CARM 1 Store  |e B01595  |f A2:AF18A0  |h Other scheme  |i book  |m 0071284